000
00268nam a2200109Ia 4500
008
190914s9999||||xx |||||||||||||| ||und||
100
_a
Luger, Stubblefield
245
0
_a
Artificial Intelligence
260
_a
New Delhi
_b
Bantam Books
_c
1986
300
_a
308
942
_c
BK
999
_c
9107
_d
9107